Human rights and anthropology / (Record no. 58590)
[ view plain ]
| 000 -LEADER | |
|---|---|
| fixed length control field | 00994nam a2200301 a 4500 |
| 001 - CONTROL NUMBER | |
| control field | 58590 |
| 003 - CONTROL NUMBER IDENTIFIER | |
| rucl marc code | BD-RjUL |
| 005 - DATE AND TIME OF LATEST TRANSACTION | |
| control field | 20211209080634.0 |
| 008 - FIXED-LENGTH DATA ELEMENTS--GENERAL INFORMATION | |
| fixed length control field | 161219s1988 enk b 000 0 eng d |
| 020 ## - INTERNATIONAL STANDARD BOOK NUMBER | |
| International Standard Book Number | 0939521296 |
| International Standard Book Number | 0939521369 |
| 035 ## - SYSTEM CONTROL NUMBER | |
| System control number | (BD-RjUL)58714 |
| System control number | 534034 |
| 040 ## - CATALOGING SOURCE | |
| Original cataloging agency | ANL |
| Language of cataloging | eng |
| Transcribing agency | ANL |
| Modifying agency | BD-RjUL |
| 041 ## - LANGUAGE CODE | |
| Language code of text/sound track or separate title | eng |
| 082 04 - DEWEY DECIMAL CLASSIFICATION NUMBER | |
| Classification number | 323.4 |
| Edition number | 23 |
| Author mark and year | HUM 1988 |
| 245 10 - TITLE STATEMENT | |
| Title | Human rights and anthropology / |
| Statement of responsibility, etc. | Theodore E. Downing and Gilbert Kushner, editors, with Jennifer Schirmer, Alison Dundes Renteln and Laurie Wiseberg. |
| 260 ## - PUBLICATION, DISTRIBUTION, ETC. (IMPRINT) | |
| Place of publication, distribution, etc. | Cambridge, Mass. : |
| Name of publisher, distributor, etc. | Cultural Survival Inc., |
| Date of publication, distribution, etc. | c1988. |
| 300 ## - PHYSICAL DESCRIPTION | |
| Pagination | 200 p. ; |
| Size | 23 cm. |
| 504 ## - BIBLIOGRAPHY, ETC. NOTE | |
| Bibliography, etc | Includes bibliographies. |
| 650 #0 - SUBJECT ADDED ENTRY--TOPICAL TERM | |
| Topical term or geographic name as entry element | Law and anthropology. |
| 9 (RLIN) | 174096 |
| Topical term or geographic name as entry element | Anthropological ethics |
| 9 (RLIN) | 174097 |
| 700 1# - ADDED ENTRY--PERSONAL NAME | |
| Personal name | Kushner, Gilbert. |
| Personal name | Downing, Theodore E.,. |
| 710 2# - ADDED ENTRY--CORPORATE NAME | |
| Corporate name or jurisdiction name as entry element | Cultural Survival Inc. |
| 9 (RLIN) | 174100 |
| 942 ## - ADDED ENTRY ELEMENTS (KOHA) | |
| Source of classification or shelving scheme | Dewey Decimal Classification |
| Koha item type | Books |
| Lost status | Source of classification or shelving scheme | Damaged status | Not for loan | Collection code | Permanent Location | Current Location | Shelving location | Date acquired | Source of acquisition | Cost, normal purchase price | Total Checkouts | Full call number | Date last seen | Copy number | Koha item type |
|---|---|---|---|---|---|---|---|---|---|---|---|---|---|---|---|
| Dewey Decimal Classification | Not For Loan | Non-fiction | Central Library, University of Rajshahi | Central Library, University of Rajshahi | Reading Room | 22/04/2009 | Dhaka paragon enterprises ltd. | 59.65 | 323.4 HUM 1988 | 19/12/2016 | C-1 | Books |